000 00930cab a2200253 4500
001 ABS59399
008 090401t1998 xxu||||| |||| 00| 0 eng d
035 _a(Sirsi) u88914
041 _aeng
100 _aPlante, S,
245 _aSubsidence case studies: using soil suction techniques
260 _c1998
350 _a0
490 _aStructural Survey
_v16(3) 1998, 141-145(5)
520 _aThe investigation of root-induced clay shrinkage cases can be difficult. The soil suction technique is an invaluable aid to correct diagnosis, quickly and cheaply. Incorrect diagnosis can be costly. This paper explains how new methods of soil testing can help. (Abstract taken from journal).
650 _aDESICCATION
650 _aSHRINKABLE CLAY
650 _aSOIL SUCTION
650 _aSOIL TESTING
650 _aSUBSIDENCE
690 _aBUILT ENVIRONMENT-BUILDING PATHOLOGY
942 _n0
948 _c09/10/1998
999 _c56229
_d56229